000 00458nam a2200169 i 4500
001 128630
003 ES-MaACL
005 20230906193330.0
007 t|
008 070521s1976 sp ||||1| spa d
100 1 _aTarragó, Marçal.
_9109324
245 1 0 _aPolítica urbana y luchas sociales /
_cMarçal Tarragó.
250 _a1ª ed.
260 _aBarcelona :
_bAvance,
_c[1976]
300 _a180 p. ;
_c20 cm.
852 _aES-MaACL
_jA-6126
_bR.94925
999 _c128630
_d128630